000
00305 a2200157 4500
001
175650
020
_a
040
_c
Magnum
100
_a
Genofre, Godofredo
240
1
0
_a
Os corais
_l
por
245
1
0
_a
Os corais
362
0
_a
1899
440
1
_a
FTD
697
_a
MAGNITO: I/ECOLOGIA
942
_c
BK
999
_c
175650
_d
175650